Statystyki dla Skład Manchesteru United w LM 2010/2011

Kliknij tutaj aby rozwiązać quiz!

Ogólne statystyki

  • Ten quiz został rozwiązany 229 razy
  • Średni wynik to 17 z 24

Statystyki odpowiedzi

pozycjakrajpiłkarz% Poprawnych
BNEDEdwin van der Sar
98%
PWALRyan Giggs
93%
NENGWayne Rooney
93%
OSERNemanja Vidic
92%
OENGRio Ferdinand
92%
BPOLTomasz Kuszczak
92%
TrenerSCOAlex Ferguson
87%
NMEXJavier Hernandez
87%
NBULDimitar Berbatov
85%
OFRAPatrice Evra
81%
PENGPaul Scholes
79%
PECUAntonio Valencia
78%
PPORLuis Nani
75%
PKORPark Ji Sung
69%
PBRAAnderson
62%
OBRARafael
55%
PENGMichael Carrick
54%
OIRLJohn O'Shea
53%
OENGGary Neville
51%
PSCODarren Fletcher
50%
OBRAFabio
44%
ONIRJonny Evans
42%
NENGMichael Owen
34%
OENGChris Smalling
33%

Rozkład punktacji

Percentyl według liczby udzielonych odpowiedzi

Procent ludzi z każdym wynikiem

Twoja historia wyników

Nie rozwiązałeś tego quizu